|
|
|
|
| LEADER |
01521cas a2200241 a 4500 |
| 001 |
AALejournalIMF021193 |
| 008 |
230101c9999 xx r poo 0 0eng d |
| 020 |
|
|
|c 5.00 USD
|
| 020 |
|
|
|z 9781513553153
|
| 022 |
|
|
|a 1934-7685
|
| 040 |
|
|
|a BD-DhAAL
|c BD-DhAAL
|
| 110 |
2 |
|
|a International Monetary Fund.
|b Monetary and Capital Markets Department.
|
| 245 |
1 |
0 |
|a Norway :
|b Financial Sector Assessment Program-Technical Note-Insurance Sector Oversight.
|
| 264 |
|
1 |
|a Washington, D.C. :
|b International Monetary Fund,
|c 2020.
|
| 300 |
|
|
|a 1 online resource (37 pages)
|
| 490 |
1 |
|
|a IMF Staff Country Reports
|
| 500 |
|
|
|a <strong>Off-Campus Access:</strong> No User ID or Password Required
|
| 500 |
|
|
|a <strong>On-Campus Access:</strong> No User ID or Password Required
|
| 506 |
|
|
|a Electronic access restricted to authorized BRAC University faculty, staff and students
|
| 520 |
3 |
|
|a The Norwegian insurance sector is well-capitalized. In recent years, the authorities have taken steps to recapitalize weak insurers and to boost capital for the overall industry. Risk-resilience has been strengthened by stronger retention of profits leading to accumulation of reserves, better risk management, and higher capital in the run-up to the implementation of the Solvency II regulatory regime.
|
| 538 |
|
|
|a Mode of access: Internet
|
| 830 |
|
0 |
|a IMF Staff Country Reports; Country Report ;
|v No. 2020/263
|
| 856 |
4 |
0 |
|z Full text available on IMF
|u http://elibrary.imf.org/view/journals/002/2020/263/002.2020.issue-263-en.xml
|z IMF e-Library
|